| 000 | 00537nam a22001577a 4500 | ||
|---|---|---|---|
| 999 |
_c15490 _d15490 |
||
| 003 | OSt | ||
| 008 | 180919b ||||| |||| 00| 0 eng d | ||
| 082 |
_a631.1 _bATH/DE |
||
| 100 |
_aAthira P _aGayatri Gopan _aNipin Balu _93350 |
||
| 245 | _aDevelopment of paddy weeding attachment to mini tiller | ||
| 260 |
_aThavanur _bDepartment of farm power machinery and energy _c2018 |
||
| 300 |
_avii, 62 _eCD |
||
| 700 |
_aShaji James P. (Guide) _93231 |
||
| 856 | _uhttps://drive.google.com/open?id=17I-26M3X9J0Fupi1K0aMvNeKC9uJOhuz | ||
| 942 | _cPR | ||